Výskum vplyvu chýb zvarov na pevnostné vlastnosti pri sttatickom namáhaní. /

Gespeichert in:
Bibliographische Detailangaben
1. Verfasser: Hronek, Radomil (Verfasst von)
Format: Manuskript Buch
Veröffentlicht: Bratislava : Výskumný ústav zváračský, 1972
Tags: Tag hinzufügen
Keine Tags, Fügen Sie das erste Tag hinzu!

MARC

LEADER 00000ntm a22000003a 4500
001 stu47475
005 20150617225712.2
008 ------s1972----cs----------------------d
040 |a STU  |b slo 
041 0
044 |a cs 
080 |a 621.791.4/.8.019 
080 |a 620.179.2  |7 stu_us_auth*stu1313 
100 1 |a Hronek, Radomil  |4 aut 
245 1 |a Výskum vplyvu chýb zvarov na pevnostné vlastnosti pri sttatickom namáhaní. /  |c [aut.] Hronek,Radomil 
260 |a Bratislava :  |b Výskumný ústav zváračský,  |c 1972 
300 |a 150 s 
996 |b J37952  |c J*37952/DIZ.  |l JJSK  |s A  |a 24  |w stu47475_0001